| LDR | 00000nam c2200205 c 4500 | |
|---|---|---|
| 001 | 000000338677 | |
| 005 | 20250709110639 | |
| 007 | ta | |
| 008 | 250709s2025 ulka r 00a kor | |
| 020 | ▼a 9791194087700 ▼g 13590 : ▼c \25000 | |
| 040 | ▼a 248032 ▼c 248032 ▼d 248032 | |
| 049 | 0 | ▼l EM111205 |
| 056 | ▼a 594.5 ▼2 4 | |
| 090 | ▼a 594.5 ▼b 류56ㄹ | |
| 245 | 20 | ▼a 류수영의 평생 레시피 : ▼b 죽을 때까지 나를 먹여 살릴 '어남선생'의 쉽고 맛있는 집밥 / ▼d 류수영 지음 |
| 250 | ▼a 1판 | |
| 260 | ▼a 서울 : ▼b 세미콜론, ▼c 2025 | |
| 300 | ▼a 267 p. : ▼b 천연색삽화 ; ▼c 24 cm | |
| 653 | ▼a 레시피 ▼a 요리법 ▼a 집밥 | |
| 700 | 1 | ▼a 류수영, ▼e 저 |
| 950 | 0 | ▼b \25000 |
| 990 | ▼a 관리자2 ▼b 관리자2 |